| 000 | 00629nam a22001817i 4500 | ||
|---|---|---|---|
| 001 | 2707 | ||
| 003 | OSt | ||
| 005 | 20250730094615.0 | ||
| 008 | 250725b |||||||| |||| 00| 0 eng d | ||
| 040 | _cBiblioteca de ejemplo | ||
| 100 |
_aNettel Suárez, Guadalupe _91 _eautora _eilustradora |
||
| 245 |
_aEl barco de teseo _b: una gran aventura _c/ Guadalupe Nettel y Adolfo Castellano |
||
| 260 |
_aMadrid _bAnagrama _c2023 |
||
| 650 | 0 |
_aAventuras _96 |
|
| 700 |
_aCastellano Pérez, Adolfo _95 |
||
| 856 |
_uhttps://redc.revistas.csic.es/index.php/redc/article/view/630/705 _yConsulta libre en este enlace _z(Open Access) |
||
| 942 |
_2ddc _cMO _n0 |
||
| 999 |
_c3 _d3 |
||